书目信息 |
| 题名: |
物业管理案例分析
|
|
| 作者: | 张连生 编著 | |
| 分册: | ||
| 出版信息: | 南京 东南大学出版社 2005.02 |
|
| 页数: | 253页 | |
| 开本: | 20cm | |
| 丛书名: | 高职高专物业管理专业系列教材 | |
| 单 册: | ||
| 中图分类: | F293.33 | |
| 科图分类: | ||
| 主题词: | ||
| 电子资源: | ||
| ISBN: | 7-81089-851-5 | |
| 000 | 00636nam0 2200205 450 | |
| 001 | 0655425676 | |
| 005 | 20060530100615.67 | |
| 010 | @a7-81089-851-5@dCNY 22.00 | |
| 100 | @a20060507d2005 km y0chiy0120 ea | |
| 101 | 0 | @achi |
| 102 | @aCN@b310000 | |
| 200 | 1 | @a物业管理案例分析@Awu ye guan li an li fen xi@f张连生编著@Fzhang lian sheng bian zhu |
| 210 | @a南京@c东南大学出版社@d2005.02 | |
| 215 | @a253页@d20cm | |
| 225 | 2 | @a高职高专物业管理专业系列教材 |
| 410 | 0 | @12001 @a高职高专物业管理专业系列教材 |
| 690 | @aF293.33@v4 | |
| 701 | 0 | @a张连生@Azhang lian sheng@4编著 |
| 801 | 0 | @aCN@bPFT@c20060530 |
| 905 | @a10447@dF293.33@eZ136 | |
| 物业管理案例分析/张连生编著.-南京:东南大学出版社,2005.02 |
| 253页;20cm.-(高职高专物业管理专业系列教材) |
| ISBN 7-81089-851-5:CNY 22.00 |
| ● |
| 相关链接 |
|
|
|
正题名:物业管理案例分析
索取号:F293.33/Z136
 
预约/预借
| 序号 | 登录号 | 条形码 | 馆藏地/架位号 | 状态 | 备注 |
| 1 | 604286 | 206042860 | 管理学院资料室/409社科库 109排2列2层/ [索取号:F293.33/Z136] | 在馆 | |
| 2 | 604287 | 206042879 | 管理学院资料室/409社科库 109排2列2层/ [索取号:F293.33/Z136] | 在馆 | |
| 3 | 604288 | 206042888 | 社科库409/409社科库 109排2列2层/ [索取号:F293.33/Z136] | 在馆 | |
| 4 | 604289 | 206042897 | 社科库409/409社科库 109排2列2层/ [索取号:F293.33/Z136] | 在馆 | |
| 5 | 604290 | 206042904 | 社科库409/409社科库 109排2列2层/ [索取号:F293.33/Z136] | 在馆 |